| Tag |
First Indicator |
Second Indicator |
Subfields |
| LEADER |
00000cam a2200000 4500 |
| 001 |
in00000044614 |
| 005 |
20151007075031.0 |
| 008 |
760901s1932 nyua b 00010 eng |
| 010 |
|
|
|a 32013426
|
| 035 |
|
|
|a (OCoLC)02408433
|
| 035 |
|
|
|9 AAF2527AM
|
| 040 |
|
|
|a DLC
|c TOL
|d TXA
|d UtOrBLW
|
| 049 |
|
|
|a TXAM
|c [144409]
|
| 050 |
0 |
0 |
|a RS91
|b .W3
|
| 082 |
0 |
|
|a 615.1
|
| 092 |
|
|
|a 615.1
|b W314b
|
| 100 |
1 |
|
|a Washburn, Homer C.
|q (Homer Charles),
|d 1876-
|
| 245 |
1 |
0 |
|a Beginning pharmacy /
|c by Homer C. Washburn ... [and] Carl J. Klemme ...
|
| 264 |
|
1 |
|a New York :
|b J. Wiley & sons, inc.;
|a London :
|b Chapman & Hall, limited,
|c 1932.
|
| 300 |
|
|
|a x pages, 1 ., 231 pages :
|b illustrations ;
|c 24 cm.
|
| 336 |
|
|
|a text
|b txt
|2 rdacontent
|
| 337 |
|
|
|a unmediated
|b n
|2 rdamedia
|
| 338 |
|
|
|a volume
|b nc
|2 rdacarrier
|
| 504 |
|
|
|a Bibliography: pages vi.
|
| 650 |
|
0 |
|a Pharmacy.
|
| 700 |
1 |
|
|a Klemme, Carl Joseph,
|d 1898-
|
| 999 |
|
|
|a MARS
|
| 999 |
f |
f |
|s b951a25b-59b9-3716-b74e-df4023424c6f
|i fcf53a2c-01b5-3b85-ab65-ae89cc487f52
|t 0
|
| 952 |
f |
f |
|p ric
|a Texas A&M University
|b Rellis Campus
|c Joint Library Facility
|d Remote Storage
|t 0
|e RS91 .W3
|h Library of Congress classification
|i unmediated -- volume
|m A14801030291
|
| 998 |
f |
f |
|a RS91 .W3
|t 0
|l Remote Storage
|